Audit Guidance series: The smaller Business Audit (Record no. 6476)

MARC details
005 - DATE AND TIME OF LATEST TRANSACTION
control field 20250630133223.0
082 ## - DEWEY DECIMAL CLASSIFICATION NUMBER
Classification number 657.45
245 ## - TITLE STATEMENT
Title Audit Guidance series: The smaller Business Audit
260 ## - PUBLICATION, DISTRIBUTION, ETC.
Place of publication, distribution, etc. New York
Name of publisher, distributor, etc. price Waterhouse
Date of publication, distribution, etc. 1987
300 ## - PHYSICAL DESCRIPTION
Extent iii,367p.:tables
Dimensions 22cm.
942 ## - ADDED ENTRY ELEMENTS (KOHA)
Source of classification or shelving scheme Dewey Decimal Classification
Koha item type Books
Holdings
Date last seen Total checkouts Full call number Barcode Cost, replacement price Price effective from Koha item type Lost status Source of classification or shelving scheme Damaged status Not for loan Withdrawn status Home library Current library Shelving location Date acquired Source of acquisition Cost, normal purchase price
06/30/2025   657.45 AUD DOM0003301 90000.00 06/30/2025 Books   Dewey Decimal Classification       CBE Dodoma CBE Dodoma General Collection 01/07/1989 Library budget 30000.00